=LDR 00000nam 2200000 4500 =001 INLIS000000000039986 =005 20130612145559 =008 ***********************************Ind** =035 ##$$0010-061300000039986 =041 ##$$a Ind =082 ##$$a 636.2 =090 ##$$a 636.2, Sya b.1 =100 ##$$a Erif Kemal Syarif =245 ##$$a Buku Pintar Beternak =260 ##$$a 2011 $b Jakarta =300 ##$$a vi+150 hlm, 19x24 cm =850 ##$$a NBPNMAT